| 000 | 00705nam a22001937a 4500 | ||
|---|---|---|---|
| 999 |
_c182769 _d182769 |
||
| 005 | 20211206105841.0 | ||
| 010 | _aHIN-121281 | ||
| 020 |
_a978-81-944037-9-1 _c199.00 |
||
| 035 | _aHN-93627 | ||
| 037 | _bDBAD/PUB | ||
| 082 |
_a891.4 _b1 |
||
| 100 | _aसिंह, तरुण | ||
| 245 |
_aजीतना है तो खुद से लड़ो: _bएक जंग खुद की खुद से/ _cतरुण सिंह |
||
| 250 | _a2019 | ||
| 260 |
_aदिल्ली _bOrangebooks Publications _c2021 |
||
| 270 |
_aVishwavidyalaya Marg, Civil Lines _bDelhi, NCR _e110054 |
||
| 300 |
_a109पृ. _c21(जिल्द) |
||
| 942 |
_2ddc _cHN _h891.4 _mसिंहत |
||